00343pab a2200133 454500008004000000100002600040245003800066260000900104300001400113362001700127650002100144650002400165773002000189180718b2006 xxu||||| |||| 00| 0 eng d aVargese, Marriamma A. aQuality management-new challenges c2006 ap.141-45. a27 Nov-3 Dec aHigher education aEducational quality aUniversity News